00526nam a2200181Ia 4500003000400000005001700004008004100021020003000062040001700092082002200109100002000131245008100151250001100232260002800243300002700271650002400298650002200322IIN20240129122607.0231217s9999 xx 000 0 und d cRs.1395.00a9789356961982 aIINbEnglish a618.2 bJAC1 aJacob, Annamma  2aA Comprehensive Textbook of Midwifery & Gynecological NursingcAnnamma Jacob a6th ed bJaypeeaNew Delhic2023 axxviii, 776p.e11plate1 aGynecologyvNursing1 aMidwifery Nursing